000 00671nam a2200241Ia 4500
003 OSt
005 20221005133619.0
006 a|||||r|||| 00| 0
007 ta
008 221004b |||||||| |||| 00| 0 hin d
024 _a64355
037 _cTextual
040 _aCRL
_cCRL
_bhin
041 _2hin
_ahin
082 _aQ4:3, 152N9
100 _aधर्मकीर्ति
245 0 _aमैं अनीश्वरवादी क्यों
246 _aMaian anīshvaravādī kyoan
260 _c1999
300 _a136चण्
_ccm.
942 _hQ4:3, 152N9
_cTEXL
_2cc
999 _c1067357
_d1067357